000 00380nam a2200157Ia 4500
008 151213s9999 xx 000 0 und d
020 _a0-421-21130-x
100 _aRobert P. Crime
245 _aShipping Law
_cRobert P. Crime
260 _aLondon
_bSweet and Maxwell
_c1998
300 _a5150 p.
650 _aLaw
650 _aLaw
700 _aRobert P. Crime
999 _c3178
_d3178